000 00502nam a2200181Ia 4500
005 20250326142616.0
008 250326s9999 xx 000 0 und d
037 _aTextbook
040 _aFMSL
_beng
_cFMSL
041 _aeng
_2eng
084 _aX72 L8
_qFMSL
100 _aSanthanam R
245 0 _aGuide to Amalgamations of Companies
_cSanthanam R
260 _aNew Delhi
_bNew Delhi, Sultan Chand & Sons.
_c1978
300 _a267p
942 _cTB
_hX72 L8
999 _c1295811
_d1295811